| 000 | 00466pam a2200169 a 4500 | ||
|---|---|---|---|
| 999 |
_c266 _d266 |
||
| 020 | _a0136803989 | ||
| 050 | 0 | 0 |
_aQK47 _b.B73 BOL |
| 100 | 1 | _aBold, Harold Charles, | |
| 245 | 1 | 4 |
_aThe plant kingdom / _cHarold C. Bold, John W. La Claire II. |
| 250 | _a5th ed. | ||
| 260 |
_aEnglewood Cliffs, N.J. : _bPrentice-Hall, _cc1987. |
||
| 300 |
_ax, 309 p. : _bill. ; _c23 cm. |
||
| 500 | _aIncludes index. | ||
| 650 | 0 | _aBotany. | |
| 700 | 1 | _aLa Claire, John W., | |
| 942 | _cBK | ||